书目信息 |
| 题名: |
拇指之间
|
|
| 作者: | 易子晋 , 徐惠 编著 | |
| 分册: | ||
| 出版信息: | 北京 人民邮电出版社 2021.7 |
|
| 页数: | 120页 | |
| 开本: | 26cm | |
| 丛书名: | ||
| 单 册: | ||
| 中图分类: | J623.96 | |
| 科图分类: | ||
| 主题词: | 拨弦乐器--奏法--教材 | |
| 电子资源: | ||
| ISBN: | 978-7-115-55005-7 | |
| 000 | 01008nam0 2200265 45 | |
| 001 | 012001001838 | |
| 005 | 20141011152722.0 | |
| 010 | @a978-7-115-55005-7@dCNY49.80 | |
| 100 | @a20210106d2020 em y0chiy50 ea | |
| 101 | 0 | @achi |
| 102 | @aCN@b110000 | |
| 105 | @ag z 000yy | |
| 106 | @ar | |
| 200 | 1 | @a拇指之间@Amu zhi zhi jian@b专著@e15秒就能学会的拇指琴教程@f易子晋,徐惠编著 |
| 210 | @a北京@c人民邮电出版社@d2021.7 | |
| 215 | @a120页@d26cm | |
| 300 | @a其他题名:15秒就能学会的拇指琴教程 | |
| 330 | @a本书分为三个章节,内容包括拇指琴的介绍、弹奏练习、适合演奏的时下流行乐曲等。作者用详细的文字讲解,并配以乐谱展示,让没有音乐基础的读者在理解文字的基础上,再参考展示谱例,轻松学习拇指琴弹奏。 | |
| 517 | 1 | @a15秒就能学会的拇指琴教程@A15 miao jiu neng xue hui de mu zhi qin jiao cheng |
| 606 | 0 | @a拨弦乐器@x奏法@j教材 |
| 690 | @aJ623.96@v5 | |
| 701 | 0 | @a易子晋@Ayi zi jin@4编著 |
| 701 | 0 | @a徐惠@Axu hui@4编著 |
| 801 | 2 | @aCN@b江苏凤凰@c20211018 |
| 905 | @b1345918-21@dJ623.96@e557@f4 | |
| 拇指之间:15秒就能学会的拇指琴教程/易子晋,徐惠编著.-北京:人民邮电出版社,2021.7 |
| 120页;26cm |
| 其他题名:15秒就能学会的拇指琴教程 |
| ISBN 978-7-115-55005-7:CNY49.80 |
| 本书分为三个章节,内容包括拇指琴的介绍、弹奏练习、适合演奏的时下流行乐曲等。作者用详细的文字讲解,并配以乐谱展示,让没有音乐基础的读者在理解文字的基础上,再参考展示谱例,轻松学习拇指琴弹奏。 |
| ● |
| 相关链接 |
|
|
|
|
正题名:拇指之间
索取号:J623.96/557
 
预约/预借
| 序号 | 登录号 | 条形码 | 馆藏地/架位号 | 状态 | 备注 |
| 1 | 1345918 | 213459185 | 第一样本阅览室/ [索取号:J623.96/557] | 在馆 | |
| 2 | 1345919 | 213459194 | 第一借阅区/ [索取号:J623.96/557] | 在馆 | |
| 3 | 1345920 | 213459201 | 第一借阅区/ [索取号:J623.96/557] | 在馆 | |
| 4 | 1345921 | 213459210 | 第一借阅区/ [索取号:J623.96/557] | 在馆 |